<?xml version="1.0" encoding="UTF-8"?>
<record
    xmlns:xsi="http://www.w3.org/2001/XMLSchema-instance"
    xsi:schemaLocation="http://www.loc.gov/MARC21/slim http://www.loc.gov/standards/marcxml/schema/MARC21slim.xsd"
    xmlns="http://www.loc.gov/MARC21/slim">

  <leader>00609cam a2200145   4500500</leader>
  <controlfield tag="005">20251228073733.0</controlfield>
  <datafield tag="041" ind1=" " ind2=" ">
    <subfield code="a">fre</subfield>
  </datafield>
  <datafield tag="042" ind1=" " ind2=" ">
    <subfield code="a">dc</subfield>
  </datafield>
  <datafield tag="100" ind1="1" ind2="0">
    <subfield code="a">Cassimatis, H&#xE9;l&#xE8;ne</subfield>
    <subfield code="e">author</subfield>
  </datafield>
  <datafield tag="245" ind1="0" ind2="0">
    <subfield code="a">Orlando Medica Assunta, Le scienze geo-archeologiche e bibliotecarie al servizio della Scuola, Maglie, Kollemata, 2005, 1&#xA0;vol. 17 &#xD7; 24, 102&#xA0;p., 19&#xA0;fig. ds&#xA0;t., 6&#xA0;pl. h.&#xA0;t.</subfield>
  </datafield>
  <datafield tag="260" ind1=" " ind2=" ">
    <subfield code="c">2007.
							</subfield>
  </datafield>
  <datafield tag="500" ind1=" " ind2=" ">
    <subfield code="a">10</subfield>
  </datafield>
  <datafield tag="786" ind1="0" ind2=" ">
    <subfield code="n">Revue arch&#xE9;ologique | 44 | 2 | 2007-12-01 | p. 319zg-438zg | 0035-0737</subfield>
  </datafield>
  <datafield tag="856" ind1="4" ind2="1">
    <subfield code="u">https://shs.cairn.info/revue-archeologique-2007-2-page-319zg?lang=fr&amp;redirect-ssocas=7080</subfield>
  </datafield>
  <datafield tag="999" ind1=" " ind2=" ">
    <subfield code="c">1595833</subfield>
    <subfield code="d">1595833</subfield>
  </datafield>
</record>
